000
00293nam a22001337a 4500
008
170504b xxu||||| |||| 00| 0 eng d
020
_a
9781593452667
041
_a
eng
080
_2
6TH
_a
342
100
_a
14
101
_a
SHJ
245
_a
THE POLICE MANAGER
_c
LYNCH, R.G
942
_2
udc
_c
BK
999
_c
12644
_d
12644